[Event "Topusko op 3rd"]
[Site "Topusko"]
[Date "2014.08.12"]
[Round "6"]
[White "Radosavljevic, Slobodan S"]
[Black "Glavan, Slavenko"]
[Result "1-0"]
[WhiteElo "2175"]
[BlackElo "2238"]
[PlyCount "131"]
[EventDate "2014.08.08"]
[EventType "swiss"]
[EventRounds "9"]
[EventCountry "CRO"]
[SourceTitle "CBM 162 Extra"]
[Source "ChessBase"]
[SourceDate "2014.10.17"]
[SourceVersion "1"]
[SourceVersionDate "2014.10.17"]
[SourceQuality "1"]

1. d4 Nf6 2. Nf3 d5 3. e3 c6 4. c4 e6 5. b3 Bb4+ 6. Nbd2 Nbd7 7. Bd3 dxc4 8. bxc4 0-0 9. 0-0 c5 10. Bb2 cxd4 11. exd4 Be7 12. Qe2 Re8 13. Rfe1 Nf8 14. Ne5 Bb4 15. Red1 Bd7 16. Ne4 Ba4 17. Rf1 Nxe4 18. Bxe4 Qc7 19. Rac1 Bd6 20. Nf3 Bf4 21. Rb1 Bc6 22. g3 Bxe4 23. Qxe4 Bh6 24. c5 b6 25. Bc1 Bxc1 26. Rfxc1 Rac8 27. Ne5 Ng6 28. Nd3 bxc5 29. dxc5 Qa5 30. a4 Ne7 31. Rb7 Nd5 32. Qc4 Rc7 33. c6 Rec8 34. Rxc7 Rxc7 35. Qb5 Qb6 36. Ne5 f6 37. Nd7 Qxb5 38. axb5 Kf7 39. Nc5 Ke7 40. Kf1 Rc8 41. Na6 Kd6 42. Ke2 g5 43. h3 h5 44. Kd3 f5 45. Rd1 Rf8 46. Kc4 f4 47. Nc5 fxg3 48. fxg3 h4 49. Nxe6 Kxe6 50. Rxd5 hxg3 51. Rxg5 Rf4+ 52. Kc5 Rf3 53. h4 Rc3+ 54. Kd4 Rb3 55. Kc4 Rf3 56. h5 Kf6 57. Rg6+ Kf7 58. Kc5 Rf5+ 59. Kb4 Rxh5 60. Rxg3 Ke6 61. Rd3 Rh7 62. Ka5 Rg7 63. Ka6 Rh7 64. Rd8 Rg7 65. Ra8 Kd6 66. Rxa7 1-0

[Event "Osijek Festival op"]
[Site "Osijek"]
[Date "2008.03.09"]
[Round "5"]
[White "Vernacki, Srdjan"]
[Black "Glavan, Slavenko"]
[Result "0-1"]
[WhiteElo "2313"]
[BlackElo "2235"]
[PlyCount "128"]
[EventDate "2008.03.07"]
[EventType "team-tourn"]
[EventRounds "9"]
[EventCountry "CRO"]
[SourceTitle "CBM 123 Extra"]
[Source "ChessBase"]
[SourceDate "2008.05.06"]
[SourceVersion "1"]
[SourceVersionDate "2008.05.06"]
[SourceQuality "1"]

1. e4 Nf6 2. e5 Nd5 3. d4 d6 4. Nf3 Bg4 5. Be2 e6 6. 0-0 Be7 7. exd6 cxd6 8. c4 Nb6 9. Nc3 0-0 10. b3 Nc6 11. d5 exd5 12. cxd5 Bxf3 13. Bxf3 Ne5 14. Be2 Ng6 15. Be3 a6 16. Rc1 Re8 17. Qd2 Nd7 18. g3 Rc8 19. Bf3 Nde5 20. Bg2 Ng4 21. Bf4 Nxf4 22. Qxf4 Ne5 23. Qd2 Qa5 24. f4 Ng4 25. Ne4 Qb6+ 26. Kh1 Rxc1 27. Rxc1 f5 28. Bf3 h5 29. Nc3 Bf6 30. Na4 Qe3 31. Qxe3 Rxe3 32. Kg2 Rd3 33. Re1 Bd4 34. Re2 Ne3+ 35. Kh3 g6 36. Nb2 Bxb2 37. Rxb2 Kg7 38. Rb1 Rd2 39. Re1 Ng4 40. Re2 Rxe2 41. Bxe2 Ne3 42. Bf3 Kf6 43. Kh4 a5 44. h3 b6 45. g4 hxg4 46. hxg4 fxg4 47. Bxg4 Nxd5 48. Kg3 Nc3 49. a3 Nb5 50. a4 Nd4 51. Kf2 Nxb3 52. Ke3 Nc5 53. Bd1 d5 54. Kd4 Ke6 55. Bc2 Kd6 56. Ke3 Kd7 57. Kd4 Ke6 58. Ke3 Kd6 59. Kd4 Ne6+ 60. Ke3 g5 61. f5 Nd8 62. Kf3 Ke5 63. Kg4 Kf6 64. Bb3 Nf7 0-1

[Event "Prague op-A 06th"]
[Site "Prague"]
[Date "2007.01.13"]
[Round "3"]
[White "Meduna, Eduard"]
[Black "Glavan, Slavenko"]
[Result "1/2-1/2"]
[WhiteElo "2388"]
[BlackElo "2240"]
[PlyCount "113"]
[EventDate "2007.01.11"]
[EventType "swiss"]
[EventRounds "9"]
[EventCountry "CZE"]
[SourceTitle "CBM 116 Extra"]
[Source "ChessBase"]
[SourceDate "2007.03.07"]
[SourceVersion "1"]
[SourceVersionDate "2007.03.07"]
[SourceQuality "1"]

1. d4 Nf6 2. c4 e5 3. dxe5 Ng4 4. Bf4 Nc6 5. Nf3 Bb4+ 6. Nbd2 Qe7 7. e3 Ngxe5 8. Nxe5 Nxe5 9. Be2 0-0 10. 0-0 Ng6 11. Bg3 Bd6 12. Bxd6 Qxd6 13. Rc1 Qb4 14. Qc2 b6 15. a3 Qe7 16. c5 Rb8 17. cxb6 Rxb6 18. b4 Ba6 19. Nf3 Rc8 20. Bxa6 Rxa6 21. Qd3 Rf6 22. Rc5 c6 23. Rfc1 Ra8 24. h3 Qd6 25. Rd1 Qxd3 26. Rxd3 Nf8 27. Ra5 a6 28. Nd2 d5 29. Nb3 Nd7 30. Nc5 Nxc5 31. Rxc5 Kf8 32. Rdc3 a5 33. b5 cxb5 34. Rxb5 Rd6 35. Rd3 a4 36. Rdxd5 Rda6 37. Rb7 g6 38. Rd4 Rf6 39. g4 Ra5 40. Kg2 h5 41. Rbb4 hxg4 42. hxg4 Rfa6 43. Rb7 Kg7 44. f4 Re6 45. Kf3 Rc5 46. Rdd7 Rc3 47. Rxf7+ Kg8 48. f5 gxf5 49. gxf5 Rexe3+ 50. Kf4 Rf3+ 51. Kg5 Rg3+ 52. Kf6 Rc6+ 53. Ke5 Rc5+ 54. Kf4 Rg1 55. f6 Rcg5 56. Rfe7 R5g4+ 57. Ke3 1/2-1/2

[Event "Prague op 05th"]
[Site "Prague"]
[Date "2006.01.15"]
[Round "3"]
[White "Meduna, Eduard"]
[Black "Glavan, Slavenko"]
[Result "1-0"]
[WhiteElo "2460"]
[BlackElo "2239"]
[PlyCount "77"]
[EventDate "2006.01.13"]
[EventType "swiss"]
[EventRounds "9"]
[EventCountry "CZE"]
[SourceTitle "CBM 110 Extra"]
[Source "ChessBase"]
[SourceDate "2006.03.10"]
[SourceVersion "2"]
[SourceVersionDate "2006.03.10"]
[SourceQuality "1"]

1. d4 Nf6 2. c4 e5 3. dxe5 Ng4 4. Bf4 Nc6 5. Nf3 Bb4+ 6. Nbd2 Qe7 7. a3 Bxd2+ 8. Qxd2 Ngxe5 9. Nxe5 Nxe5 10. e3 d6 11. Be2 0-0 12. 0-0 b6 13. b4 Bb7 14. c5 Rad8 15. Qc3 Ng6 16. Bg3 dxc5 17. bxc5 Rd5 18. cxb6 cxb6 19. Qb4 Rfd8 20. Qxe7 Nxe7 21. Rfd1 Kf8 22. f3 Ke8 23. Kf2 Rd2 24. Ke1 Rc2 25. Rxd8+ Kxd8 26. Kd1 Rc5 27. e4 Bc6 28. Rc1 Ra5 29. Bd6 Bb5 30. Bxb5 Rxb5 31. Rc7 Nc8 32. Bg3 Rb3 33. Rxf7 Rxa3 34. Rxg7 b5 35. e5 Nb6 36. e6 Re3 37. Bh4+ Kc8 38. Rg8+ Kc7 39. e7 1-0

[Event "Nerezine Losinj op"]
[Site "Nerezine"]
[Date "2005.05.28"]
[Round "6"]
[White "Glavan, Slavenko"]
[Black "Jurkovic, Ante"]
[Result "1-0"]
[WhiteElo "2219"]
[BlackElo "2336"]
[PlyCount "131"]
[EventDate "2005.05.26"]
[EventType "swiss"]
[EventRounds "7"]
[EventCountry "CRO"]
[SourceTitle "CBM 106 Extra"]
[Source "ChessBase"]
[SourceDate "2005.07.01"]
[SourceVersion "1"]
[SourceVersionDate "2005.07.01"]
[SourceQuality "1"]

1. d4 d6 2. Nf3 g6 3. c3 Bg7 4. g3 Nf6 5. Bg2 0-0 6. 0-0 Nbd7 7. Nbd2 e5 8. dxe5 dxe5 9. Nc4 Qe7 10. Bg5 h6 11. Bxf6 Bxf6 12. e4 Nb6 13. Ne3 c6 14. Qc2 Bg5 15. Nxg5 hxg5 16. c4 Nd7 17. Rac1 Nc5 18. Qc3 a5 19. Rfd1 f6 20. Qa3 Kf7 21. Nc2 Be6 22. Ne3 b6 23. Qc3 Rfd8 24. Kf1 Ra7 25. Rxd8 Qxd8 26. Rd1 Rd7 27. Rxd7+ Qxd7 28. Ke2 Qd4 29. Qc2 Ke7 30. b3 Qa1 31. Nd1 Bg4+ 32. f3 Ne6 33. Kf2 Nd4 34. Qd2 Be6 35. Ne3 Qb1 36. h3 Kd6 37. f4 gxf4 38. gxf4 Kc5 39. fxe5 fxe5 40. Kg3 Qc1 41. Qf2 Kb4 42. Kh4 Ka3 43. Kg5 Qb2 44. Qxb2+ Kxb2 45. Kxg6 Kxa2 46. h4 Kxb3 47. h5 a4 48. h6 Bg8 49. Kg7 a3 50. Kxg8 a2 51. h7 a1Q 52. h8Q Qa8+ 53. Kh7 Qxh8+ 54. Kxh8 Kc3 55. Kg7 Kd3 56. Ng4 Kxc4 57. Nxe5+ Kc3 58. Kf6 b5 59. Nf3 Nb3 60. e5 Nc5 61. Ke7 b4 62. Kd6 b3 63. Kxc5 b2 64. Nd2 Kxd2 65. Be4 Ke3 66. Bh7 1-0

[Event "Nerezine Losinj op"]
[Site "Nerezine"]
[Date "2005.05.28"]
[Round "5"]
[White "Glavan, Slavenko"]
[Black "Serdt, Simon"]
[Result "1-0"]
[WhiteElo "2219"]
[BlackElo "2222"]
[PlyCount "46"]
[EventDate "2005.05.26"]
[EventType "swiss"]
[EventRounds "7"]
[EventCountry "CRO"]
[SourceTitle "CBM 106 Extra"]
[Source "ChessBase"]
[SourceDate "2005.07.01"]
[SourceVersion "1"]
[SourceVersionDate "2005.07.01"]
[SourceQuality "1"]

1. d4 Nf6 2. Nf3 c5 3. d5 e6 4. c4 b5 5. dxe6 fxe6 6. cxb5 d5 7. e3 Bd6 8. Nc3 Nbd7 9. a4 Bb7 10. Bd2 0-0 11. b4 cxb4 12. Na2 Qe7 13. Rb1 b3 14. Rxb3 Nc5 15. Rb1 Nfe4 16. Be2 Rf6 17. Nc3 Raf8 18. a5 e5 19. a6 Ba8 20. b6 axb6 21. Rxb6 Kh8 22. 0-0 Nxd2 23. Nxd2 e4 1-0

[Event "Pula op 04th"]
[Site "Pula"]
[Date "1990.??.??"]
[Round "7"]
[White "Barlov, Dragan"]
[Black "Glavan, Slavenko"]
[Result "1-0"]
[WhiteElo "2520"]
[BlackElo "2245"]
[PlyCount "61"]
[EventDate "1990.??.??"]
[EventType "swiss"]
[EventRounds "9"]
[EventCountry "YUG"]
[SourceTitle "EXT 2000"]
[Source "ChessBase"]
[SourceDate "1999.11.16"]
[SourceVersion "1"]
[SourceVersionDate "1999.11.16"]
[SourceQuality "1"]

1. d4 Nf6 2. c4 c5 3. Nf3 cxd4 4. Nxd4 Nc6 5. Nc3 e5 6. Nc2 Be7 7. g3 0-0 8. Bg2 h6 9. 0-0 d6 10. Ne3 Be6 11. Ned5 Bxd5 12. cxd5 Na5 13. b3 b6 14. Bd2 Nb7 15. b4 Nd7 16. e4 a6 17. Bh3 b5 18. a4 bxa4 19. Qxa4 Nb8 20. Rfc1 Bg5 21. Bxg5 hxg5 22. Nd1 Qb6 23. Ne3 g6 24. Qc2 Nd8 25. Qd2 Nb7 26. Nc4 Qd8 27. Qe3 f5 28. exf5 gxf5 29. Nb6 f4 30. Qe4 Qf6 31. Nxa8 1-0

[Event "Pula tt2"]
[Site "Pula"]
[Date "1990.??.??"]
[Round "6"]
[White "Geller, Arpad"]
[Black "Glavan, Slavenko"]
[Result "0-1"]
[WhiteElo "2250"]
[BlackElo "2245"]
[PlyCount "92"]
[EventDate "1990.??.??"]
[EventType "team-tourn"]
[EventRounds "11"]
[EventCountry "YUG"]
[SourceTitle "EXT 2000"]
[Source "ChessBase"]
[SourceDate "1999.11.16"]
[SourceVersion "1"]
[SourceVersionDate "1999.11.16"]
[SourceQuality "1"]

1. d4 Nf6 2. c4 e5 3. dxe5 Ng4 4. Nf3 Nc6 5. Bf4 Bb4+ 6. Nc3 Qe7 7. Qd5 Bxc3+ 8. bxc3 Qa3 9. Rc1 f6 10. exf6 Nxf6 11. Qd2 d6 12. Nd4 0-0 13. Nb5 Qa5 14. e3 Be6 15. Nd4 Bf7 16. Nxc6 bxc6 17. Bd3 Qc5 18. Qe2 Nd7 19. Qg4 Nf6 20. Qg5 Qxg5 21. Bxg5 Nd7 22. Bf4 c5 23. Ke2 Nb6 24. Rb1 Rab8 25. Rb5 Bxc4 26. Bxc4+ Nxc4 27. Rhb1 Rbe8 28. Kd3 Na3 29. R1b2 Nxb5 30. Rxb5 Rb8 31. Ra5 Rb7 32. Ke4 Kf7 33. Kd5 Ke7 34. Kc6 Rfb8 35. e4 Ke6 36. Bg3 g5 37. h4 h6 38. hxg5 hxg5 39. c4 Rb6+ 40. Kxc7 R8b7+ 41. Kc8 Rf7 42. e5 Rc6+ 43. Kb8 dxe5 44. f3 Kd6 45. Ra3 Rb6+ 46. Ka8 Kc6 0-1

[Event "Caorle op"]
[Site "Caorle"]
[Date "1989.??.??"]
[Round "2"]
[White "Glavan, Slavenko"]
[Black "Anibas, Juergen"]
[Result "1-0"]
[WhiteElo "2285"]
[BlackElo "2000"]
[PlyCount "80"]
[EventDate "1989.07.??"]
[EventType "swiss"]
[EventRounds "8"]
[EventCountry "ITA"]
[SourceTitle "EXT 2000"]
[Source "ChessBase"]
[SourceDate "1999.11.16"]
[SourceVersion "1"]
[SourceVersionDate "1999.11.16"]
[SourceQuality "1"]

1. e4 e6 2. e5 d5 3. exd6 cxd6 4. d4 Nf6 5. Bd3 Be7 6. c3 Nbd7 7. a4 b6 8. Qf3 Rb8 9. Qg3 e5 10. h4 Nh5 11. Qf3 Nhf6 12. h5 Bb7 13. Qg3 e4 14. Bc4 d5 15. Bb5 a6 16. Bxd7+ Kxd7 17. Bf4 Rc8 18. Na3 g6 19. Be5 Nxh5 20. Rxh5 gxh5 21. Qh3+ Kc6 22. b4 b5 23. axb5+ axb5 24. Qxh5 f6 25. Bf4 Bd6 26. Bd2 Qd7 27. Ne2 Rhg8 28. g3 Rg7 29. Nc1 Qg4 30. Qh1 Kb6 31. Qf1 Bc6 32. Nb3 Be8 33. Nc5 Ra8 34. Nc4+ dxc4 35. Rxa8 Bh5 36. Ra6+ Kc7 37. Ra1 Bg6 38. Ne6+ Qxe6 39. Ra7+ Kb8 40. Rxg7 e3 1-0

[Event "Caorle op"]
[Site "Caorle"]
[Date "1989.??.??"]
[Round "6"]
[White "Glavan, Slavenko"]
[Black "Tondo, Salvatore"]
[Result "1-0"]
[WhiteElo "2285"]
[BlackElo "1900"]
[PlyCount "74"]
[EventDate "1989.07.??"]
[EventType "swiss"]
[EventRounds "8"]
[EventCountry "ITA"]
[SourceTitle "EXT 2000"]
[Source "ChessBase"]
[SourceDate "1999.11.16"]
[SourceVersion "1"]
[SourceVersionDate "1999.11.16"]
[SourceQuality "1"]

1. e4 c5 2. Nf3 Nc6 3. Be2 e5 4. 0-0 Nf6 5. d3 d6 6. Bg5 Be6 7. c3 Be7 8. Nbd2 Qb6 9. Qc2 Rc8 10. h3 a6 11. Nc4 Qc7 12. Ne3 b5 13. Rfd1 0-0 14. Nh2 Nd7 15. f4 exf4 16. Bxf4 Nde5 17. Rf1 Ng6 18. Bg3 Qd7 19. Bg4 Nce5 20. Bf5 Bd8 21. b3 Ne7 22. Qe2 Bxf5 23. Nxf5 Nxf5 24. Rxf5 Qe6 25. Rd1 Be7 26. d4 cxd4 27. cxd4 Ng6 28. Nf3 Rc3 29. Be1 Rc7 30. Ba5 Rcc8 31. d5 Qd7 32. Bb6 Qb7 33. Bd4 Qc7 34. Ne1 Bh4 35. Nd3 Qc2 36. Qf3 Bf6 37. Rxf6 Qxa2 1-0

[Event "Caorle op"]
[Site "Caorle"]
[Date "1989.??.??"]
[Round "5"]
[White "Glavan, Slavenko"]
[Black "Zechner, C."]
[Result "0-1"]
[WhiteElo "2285"]
[BlackElo "2000"]
[PlyCount "84"]
[EventDate "1989.07.??"]
[EventType "swiss"]
[EventRounds "8"]
[EventCountry "ITA"]
[SourceTitle "EXT 2000"]
[Source "ChessBase"]
[SourceDate "1999.11.16"]
[SourceVersion "1"]
[SourceVersionDate "1999.11.16"]
[SourceQuality "1"]

1. e4 c5 2. Nf3 d6 3. Bb5+ Nc6 4. 0-0 a6 5. Bxc6+ bxc6 6. c4 e6 7. Nc3 Ne7 8. d3 Ng6 9. b3 Be7 10. Bb2 e5 11. a3 Rb8 12. Rb1 0-0 13. Bc1 a5 14. Bd2 f5 15. h3 f4 16. Ne2 Nh4 17. Nxh4 Bxh4 18. f3 Rf6 19. Be1 Rg6 20. Kh2 Qg5 21. Rg1 Bg3+ 22. Kh1 Qh4 23. Bxg3 fxg3 24. Qf1 Rf6 25. Rb2 Be6 26. b4 cxb4 27. axb4 axb4 28. d4 c5 29. d5 Bd7 30. Rb3 Rbf8 31. Rd3 g5 32. Rb3 g4 33. Qe1 Rxf3 34. Rxf3 Rxf3 35. Rf1 gxh3 36. Ng1 Rxf1 37. Qxf1 hxg2+ 38. Kxg2 Qh2+ 39. Kf3 Qf2+ 40. Qxf2 gxf2 41. Kxf2 Bg4 42. Ke3 Kf7 0-1